00956nam a2200253Ia 450000500170000000800410001702000180005802000150007608200170009110000220010824501110013025000180024130000250025949000160028450001370030065000310043765000400046865000460050826400250055433600270057933700330060633800280063904000350066720220317001400.0161108s9999 sp g 000 0 spa  a9788484603603 a848460360104a371.58bR62g1 aRodríguez, Nora aGuerra en las aulas bcómo tratar a los chicos violentos y a los que sufren sus abusoscNora Rodríguez a1a. edición a196 páginasc24 cm aVivir mejor aEn la carátula: "Guerra en las aulas: cómo tratar a los chicos violentos y a los que sufren sus abusos de los 4 a los 16 años"142LEMBaViolencia en niños142LEMBaRelaciones Maestro-Estudiante142LEMBaSolución de conflictos escolares  aMadridbTemas de Hoy atextobtxt2rdacontent asin mediaciónbn2rdamedia avolumenbnc2rdacarrier aCO-BoRNBPbspaerdacCO-BoRNBP